Vplyv biometrických charakteristík používateľa na autentifikáciu pod smartfónovou platformou
Uložené v:
| Hlavný autor: | |
|---|---|
| Ďalší autori: | |
| Médium: | Rukopis Kniha |
| Jazyk: | Slovak |
| Vydavateľské údaje: |
2015
|
| Predmet: | |
| On-line prístup: | http://is.stuba.sk/zp/portal_zp.pl?podrobnosti=97222 |
| Tagy: |
Žiadne tagy, Buďte prvý, kto otaguje tento záznam!
|
MARC
| LEADER | 00000ntm a22000003a 4500 | ||
|---|---|---|---|
| 001 | stuzp53551 | ||
| 003 | SK-STU | ||
| 005 | 20160719154516.0 | ||
| 007 | ta | ||
| 008 | 150427s2015----xo-----f-mn---000-0-slo-d | ||
| 040 | |a STU |b slo | ||
| 041 | 0 | |a slo | |
| 044 | |a xo | ||
| 100 | 1 | |a Miškovský, Lukáš |u 070200 |4 aut |U FIIT Fakulta informatiky a informačných technológií |T FIIT Ústav informatiky a softvérového inžinierstva |X 52881 |U I200 |Y 179 |7 52881 | |
| 242 | 0 | 1 | |a The effect of user's biometric characteristics on authentication under smartphone platform |y eng |
| 245 | 1 | 0 | |a Vplyv biometrických charakteristík používateľa na autentifikáciu pod smartfónovou platformou |
| 260 | |c 2015 | ||
| 300 | |a 48 |e CD-ROM | ||
| 650 | 4 | |a smartfón |2 slo | |
| 650 | 4 | |a dynamika písania na klávesnici |2 slo | |
| 650 | 4 | |a autentifikácia |2 slo | |
| 650 | 4 | |a charakteristiky |2 slo | |
| 650 | 4 | |a biometria |2 slo | |
| 650 | 4 | |a biometrics |2 eng | |
| 650 | 4 | |a keystroke dynamics |2 eng | |
| 650 | 4 | |a smartphone |2 eng | |
| 650 | 4 | |a authentication |2 eng | |
| 650 | 4 | |a characteristics |2 eng | |
| 700 | 1 | |a Chudá, Daniela |4 ths |X 38061 |7 000038061 | |
| 856 | 4 | |u http://is.stuba.sk/zp/portal_zp.pl?podrobnosti=97222 | |
| 996 | |b 284IB00144 |c I* BAP128/15 |l II680 |s P |a 0 |w stuzp53551_0001 | ||
| SQL | |a stuzp53551 |b DBP |c SLO |d Vplyv biometrických charakteristík používateľa na autentifikáciu pod smartfónovou platformou |e 52881 |f Miškovský, Lukáš |g 070200 |h 38061 |i Chudá, Daniela |j 20150618 |k 202 |l 07 |m http://is.stuba.sk/zp/portal_zp.pl?podrobnosti=97222 |n B-INFO |o 9.2.1. informatika | ||